000 00824nam a22002297a 4500
001 24791
003 UA-OsUOA
005 20210915194818.0
007 ta
008 20040302b un ||||| |||| 00| 0 ukr d
040 _aUA-OsUOA
_brus
_cUA-OsUOA
_dUA-OsUOA
041 _arus
044 _aRU
080 _a340.128
090 _a340.128
_bО-94
245 _aОчерки по истории органов Советской государственной власти
_bматериалы к изучению истории Советского государства и права
_cред. А. В. Лужин
260 _aМосква
_bГосударственное издательство юридической литературы
_c1949
300 _a358 с.
650 7 _2UDC
942 _cBK
_2udc
955 _a0
999 _c311074
_d311074